Lanean...
Hindi natak: Uddav aur vikas /
| Egile nagusia: | |
|---|---|
| Formatua: | Printed Book |
| Hizkuntza: | Hindi |
| Argitaratua: |
:
Rajpal and Sanch ,
1961.
|
| Edizioa: | 3 / |
| LEADER | 00572cam a2200193ua 4500 | ||
|---|---|---|---|
| 020 | |c 12.00 | ||
| 041 | |a hin | ||
| 082 | |a 891.54 |b DAS/HI | ||
| 100 | |a Dahsarad, Aucha . | ||
| 245 | |a Hindi natak: Uddav aur vikas / |c Dasharad aucha. |h Textual Documents | ||
| 250 | |a 3 / |b . | ||
| 260 | |a : |b Rajpal and Sanch , |c 1961. | ||
| 300 | |a 474 ; . | ||
| 365 | |a 12.00 | ||
| 504 | |||
| 541 | |e 2948 |h 12.00 | ||
| 942 | |c BK | ||
| 999 | |c 36628 |d 36628 | ||
| 952 | |0 0 |1 0 |4 0 |6 891_540000000000000 |7 0 |9 48099 |a KAUAET |b KAUAET |d 2012-04-07 |m 0 |o 891.54 |p KAU_KCAET-2948 |r 2012-04-07 |w 2012-04-07 |y BK | ||